[Event "NED-ch U16 op"]
[Site "Borne"]
[Date "2019.08.09"]
[Round "8"]
[White "Van Hille, Clara"]
[Black "Heskes, Johan"]
[Result "1-0"]
[WhiteElo "1391"]
[BlackElo "1535"]
[PlyCount "45"]
[EventDate "2019.08.05"]
[EventType "swiss"]
[EventRounds "9"]
[EventCountry "NED"]
[SourceTitle "EXT 2020"]
[Source "ChessBase"]
[SourceDate "2019.10.17"]
[SourceVersion "1"]
[SourceVersionDate "2019.10.17"]
[SourceQuality "1"]

1. e4 e5 2. Nf3 f5 3. Nxe5 Qf6 4. d4 d6 5. Nc4 fxe4 6. Nc3 Qg6 7. f3 exf3 8. Qxf3 Nf6 9. Ne3 c6 10. Bd3 Qf7 11. 0-0 d5 12. Bd2 Be7 13. Nf5 0-0 14. Qg3 Kh8 15. Nxe7 Qxe7 16. Qh4 Rg8 17. Bg6 Nbd7 18. Bg5 Nf8 19. Bd3 h6 20. Rxf6 gxf6 21. Bxf6+ Qg7 22. Qxh6+ Nh7 23. Qxh7# 1-0

[Event "NED-ch U16 op"]
[Site "Borne"]
[Date "2019.08.06"]
[Round "3"]
[White "Rogge, Parcival"]
[Black "Van Hille, Clara"]
[Result "1-0"]
[WhiteElo "1743"]
[BlackElo "1391"]
[PlyCount "63"]
[EventDate "2019.08.05"]
[EventType "swiss"]
[EventRounds "9"]
[EventCountry "NED"]
[SourceTitle "EXT 2020"]
[Source "ChessBase"]
[SourceDate "2019.10.17"]
[SourceVersion "1"]
[SourceVersionDate "2019.10.17"]
[SourceQuality "1"]

1. e4 e5 2. Nf3 Nc6 3. Bc4 Bc5 4. d3 Nf6 5. h3 d6 6. c3 a6 7. Bb3 Ba7 8. Qe2 h6 9. Be3 Bd7 10. Bxa7 Nxa7 11. d4 Nc6 12. 0-0 g5 13. Nbd2 g4 14. hxg4 Nxg4 15. Rad1 Qf6 16. dxe5 dxe5 17. Nc4 0-0-0 18. Ne3 h5 19. Nd5 Qg7 20. Bc4 Kb8 21. b4 Na7 22. a4 Bxa4 23. Ra1 Bb5 24. Bxb5 Nxb5 25. c4 Nd4 26. Nxd4 exd4 27. b5 Rh6 28. bxa6 Rxa6 29. Rxa6 bxa6 30. Rb1+ Kc8 31. Qb2 f6 32. Qb7+ 1-0